000 01278nam a22003377a 4500
003 OSt
005 20210909102956.0
007 ta
008 210315e2020 dr a |||r|||| 001 0 spa d
020 _a9789945608458
040 _aDO-SdBNP
_bspa
_cBNPHU
041 _hspa
082 _bP944h
_222
_a 759.97295
100 1 _aPérez Ruiz, José Antonio,
_d1941-
_978134
245 _aLa huella de Oller /
_cJosé Antonio Pérez Ruiz ; traducción del inglés al francés: Laëtitia Saint-Loubert ; fotos: John Betancourt.
260 _aSan Juan, Puerto Rico :
_bIsla Negra,
_c2020.
300 _a121 p. :
_bil. ;
_c17 cm.
490 _aVersiones y cegueras.
500 _aTexto en español, ingles y francés
500 _aIncluye datos biográficos del autor en la solapa de la cubierta
504 _aBibliografía: p. 97-102
546 _aTraducido en Inglés y en Francés.
590 _aInventariado, 2021/MFF
600 _aOller, Francisco,
_d1833-1917
_xCrítica e interpretación
_979044
650 4 _aPintores puertorriqueños
_ySiglo XIX
_979045
700 1 _a Laètittía Saint-Loubert ,
_e tr.
_978135
700 1 _aBetancourt , John,
_efots.
_978136
830 _aVersiones y Cegueras.
_978137
910 _aValidado. Control de calidad MFF
942 _2ddc
_cLBS1
999 _c49565
_d49565